Islam and the Economic Challenge (Record no. 6370)

MARC details
000 -LEADER
fixed length control field 00632nam a2200241 a 4500
020 ## - INTERNATIONAL STANDARD BOOK NUMBER
ISBN 0860370
082 00 - DEWEY DECIMAL CLASSIFICATION NUMBER
Classification number 330.12
Author Cutter CHA
100 ## - MAIN ENTRY--AUTHOR NAME
Author name Chapra, Muhammad Umar
245 ## - TITLE STATEMENT
Title Islam and the Economic Challenge
260 ## - PUBLICATION, DISTRIBUTION, ETC. (IMPRINT)
Place of publication U K
Name of publisher Islamic Foundation
Year of publication 1992
300 ## - PHYSICAL DESCRIPTION
Number of Pages 428p
500 ## - GENERAL NOTE
General note includes index and biblioraphy
505 2# - FORMATTED CONTENTS NOTE
Formatted contents note Bibliography, Index
650 ## - SUBJECT ADDED ENTRY--TOPICAL TERM
Topical Term Economics-Religious Aspect-Islam
942 ## - ADDED ENTRY ELEMENTS (KOHA)
Koha item type Books
700 1# -
-- Chapra, Muhammad Umar
Holdings
Collection code Home library Current library Date acquired Cost, normal purchase price Full call number Accession Number Koha item type
  Henry Martyn Institute Library Henry Martyn Institute Library 04/30/2007 100.00 330.12 CHA 014905 Books
                   Copyright © 2026 | Henry Martyn Institute | Hyderabad | TS-500052 | INDIA | Implemented by hmi.edu.in
Hit-Count:

Powered by Koha